Normal view
MARC view
- Groebner, David F/Patrick W. Shannon/Phillip C. Fry/Kent D. Smith
Entry Personal Name
001 - CONTROL NUMBER
- control field: 1718
003 - CONTROL NUMBER IDENTIFIER
- control field: JO-AjAnu
005 - DATE AND TIME OF LATEST TRANSACTION
- control field: 20230606070602.0
008 - FIXED-LENGTH DATA ELEMENTS
- fixed length control field: 230606|| aca||aabn | a|a d
040 ## - CATALOGING SOURCE
- Original cataloging agency: JO-AjAnu
- Transcribing agency: JO-AjAnu
100 ## - HEADING--PERSONAL NAME
- Personal name: Groebner, David F/Patrick W. Shannon/Phillip C. Fry/Kent D. Smith
670 ## - SOURCE DATA FOUND
- Source citation: Work cat.: (JO-AjAnu)907: Groebner, David F/Patrick W. Shannon/Phillip C. Fry/Kent D. Smith, author, Business Statistics :A Decision -Making Approach